[Event "22nd ECU Club Cup"]
[Site "Feugen AUT"]
[Date "2006.10.11"]
[Round "4"]
[White "Johannesson,I"]
[Black "Edgell,B"]
[Result "1-0"]
[WhiteElo "2271"]
[BlackElo "2012"]

1.d4 Nf6 2.c4 e6 3.Nf3 b6 4.a3 Bb7 5.Nc3 Be7 6.d5 O-O 7.g3 exd5 8.cxd5 d6
9.Bg2 Nbd7 10.O-O Re8 11.Nd4 Bf8 12.e4 g6 13.Bf4 Nc5 14.Re1 a5 15.f3 Nfd7
16.Bf1 Bg7 17.Be3 Nf6 18.b3 Nh5 19.Rc1 Rc8 20.b4 axb4 21.axb4 Nd7 22.Ncb5 Ne5
23.f4 Nd7 24.Bf2 Nhf6 25.Bd3 h5 26.h3 Nb8 27.Na7 Qd7 28.Kh2 Rf8 29.Nxc8 Bxc8
30.Bf1 Re8 31.Bg2 Bh6 32.Qf3 Na6 33.Rb1 Qa4 34.Nc6 Qc2 35.Bd4 Bg7 36.Rb2 Qa4
37.Qc3  1-0

[Event "22nd ECU Club Cup"]
[Site "Feugen AUT"]
[Date "2006.10.12"]
[Round "5"]
[White "Johannesson,I"]
[Black "Bakker,S"]
[Result "1-0"]
[WhiteElo "2271"]
[BlackElo "2237"]

1.d4 Nf6 2.c4 e6 3.Nf3 b6 4.a3 Ba6 5.Qc2 Bb7 6.Nc3 c5 7.e4 cxd4 8.Nxd4 Bc5
9.Nb3 Nc6 10.Bg5 h6 11.Bh4 Nd4 12.Nxd4 Bxd4 13.f3 Bxc3+ 14.bxc3 Qc7 15.Be2 Rc8
16.O-O Qc5+ 17.Bf2 Qa5 18.Rab1 Bc6 19.Qb2 O-O 20.Rfd1 Qg5 21.Bf1 Ne8 22.Qd2 Qa5
23.Qd4 e5 24.Qe3 d6 25.Rb4 Bb7 26.Qe1 f5 27.exf5 Rxf5 28.a4 Bc6 29.Bd3 Rf6
30.Ra1 Qa6 31.Bf1 Qb7 32.a5 Kh8 33.axb6 axb6 34.Rxb6 Qf7 35.Bg3 Qc7 36.Qe3 Rf8
37.c5 dxc5 38.Bxe5 Qxb6 39.Qxh6+ Kg8 40.Qe6+ Kh8 41.Qh3+  1-0

[Event "IRT5"]
[Site "Sao Paulo BRA"]
[Date "2006.10.12"]
[Round "1"]
[White "Abdalla,L"]
[Black "Viana da Costa,F"]
[Result "0-1"]
[WhiteElo "1914"]
[BlackElo "2288"]

1.d4 Nf6 2.Nf3 e6 3.c4 b6 4.a3 Bb7 5.Nc3 d5 6.Bf4 Be7 7.e3 O-O 8.cxd5 Nxd5
9.Nxd5 Bxd5 10.Bd3 c5 11.O-O cxd4 12.Nxd4 Bf6 13.Nb5 Na6 14.Bd6 Be7 15.Be5 Nc5
16.Bc2 Bf6 17.Qd4 Bc6 18.Nd6 Bxe5 19.Qxe5 Nd7 20.Qg3 Qf6 21.b4 Rad8 22.Rac1 Ba8
23.Rfd1 Ne5 24.Bb3 Bd5 25.Bxd5 Rxd6 26.Bb3 Rd3 27.Rxd3 Nxd3 28.Rd1 Qb2 29.e4 Nc1
30.Bc4 Qc2 31.Rd4 b5 32.Bxb5 Nb3 33.Rd7 Nd2 34.h3 Qd1+ 35.Kh2 Nf1+ 36.Bxf1 Qxd7
37.Qe3 Rd8 38.f3 Qd4 39.Qg5 h6 40.Qa5 Qb6 41.Qxb6 axb6 42.a4 Rd1 43.Be2 Ra1
44.a5 bxa5 45.bxa5 Rxa5 46.Kg3 g5 47.f4 Kg7 48.Bf3 f5 49.fxg5 hxg5 50.exf5 exf5
51.Bc6 Kf6 52.Bb7 Ra3+ 53.Bf3 Ke5 54.Kh2 Kf4 55.Bc6 g4 56.hxg4 fxg4 57.Kg1 g3
58.Kf1 Ke3  0-1

[Event "WJun"]
[Site "Yerevan ARM"]
[Date "2006.10.12"]
[Round "9"]
[White "Esen,B"]
[Black "Filippov,An UZB"]
[Result "1-0"]
[WhiteElo "2464"]
[BlackElo "2501"]

1.d4 Nf6 2.c4 e6 3.Nf3 b6 4.a3 Bb7 5.Nc3 g6 6.Qc2 Bg7 7.e4 d6 8.Be2 O-O 9.O-O d5
10.e5 Ne4 11.Be3 Nxc3 12.bxc3 Nc6 13.cxd5 exd5 14.h4 Bc8 15.h5 Bf5 16.Bd3 Ne7
17.Nh4 Bxd3 18.Qxd3 Qd7 19.Bg5 c5 20.f4 cxd4 21.cxd4 Nf5 22.Nxf5 Qxf5 23.Qxf5 gxf5
24.h6 Bh8 25.Bh4 Rfc8 26.g4 fxg4 27.f5 Rc4 28.Rad1 Rac8 29.Be7 f6 30.e6 R4c7
31.Bb4 a5 32.Bd2 Rc2 33.Rc1 Kf8 34.Rxc2 Rxc2 35.Rc1 Rxd2 36.Rc8+ Ke7 37.Rxh8 Rd1+
38.Kg2 Rd2+ 39.Kg3  1-0

[Event "IRT5"]
[Site "Sao Paulo BRA"]
[Date "2006.10.13"]
[Round "4"]
[White "Aranha Filho,A"]
[Black "Marra,E"]
[Result "1-0"]
[WhiteElo "2315"]
[BlackElo "2303"]

1.d4 Nf6 2.c4 e6 3.Nf3 b6 4.a3 Ba6 5.Qc2 c5 6.dxc5 Bxc5 7.Bg5 O-O 8.e3 Be7
9.Nc3 d6 10.Be2 Nbd7 11.Nd4 Rc8 12.Ndb5 Bxb5 13.Nxb5 a6 14.Nc3 d5 15.cxd5 Nxd5
16.Bxe7 Qxe7 17.Bxa6 Rc5 18.Nxd5 exd5 19.Qe2 Ra8 20.O-O Nf6 21.Rac1 Qc7 22.Rxc5 bxc5
23.a4 Re8 24.Bb5 Re6 25.Rd1 h5 26.h3 Qe5 27.Qc2 Ne4 28.Bd3 c4 29.Bxe4 dxe4
30.Rd4 Qa5 31.Rxc4 Qe1+ 32.Kh2 f5 33.Rc8+ Kh7 34.Qc4 Rf6 35.Qg8+  1-0

[Event "22nd ECU Club Cup"]
[Site "Feugen AUT"]
[Date "2006.10.14"]
[Round "7"]
[White "Volodin,Alek"]
[Black "Ekeberg,C"]
[Result "1-0"]
[WhiteElo "2339"]
[BlackElo "2334"]

1.d4 e6 2.Nf3 Nf6 3.c4 b6 4.a3 Bb7 5.Nc3 d5 6.cxd5 Nxd5 7.e3 Be7 8.Bb5+ c6
9.Bd3 O-O 10.O-O Nd7 11.e4 Nxc3 12.bxc3 c5 13.Bb2 Qc7 14.Qe2 Rac8 15.Rad1 Rfd8
16.h3 Bf8 17.e5 Qc6 18.Rfe1 h6 19.Bb5 Qc7 20.Bd3 Qc6 21.Rd2 Nb8 22.Bb1 b5
23.Qd3 g6 24.Qf1 Qb6 25.Re3 a5 26.h4 h5 27.Ng5 b4 28.Nxf7 Rd7 29.Nd6 Bxd6
30.exd6 Qxd6 31.cxb4 cxb4 32.d5 Bxd5 33.Qd3 Rf7 34.Qxg6+ Kf8 35.Be5 Qc6 36.Rc2 Bc4
37.Rxc4 Qxc4 38.Bd6+ Ke8 39.Rxe6+  1-0

[Event "IRT5"]
[Site "Sao Paulo BRA"]
[Date "2006.10.14"]
[Round "6"]
[White "Oliveira,Je"]
[Black "Viana da Costa,F"]
[Result "0-1"]
[WhiteElo "2183"]
[BlackElo "2288"]

1.d4 Nf6 2.c4 e6 3.Nf3 b6 4.a3 Bb7 5.Nc3 d5 6.cxd5 Nxd5 7.Qc2 Be7 8.e4 Nxc3
9.bxc3 O-O 10.Bd3 Nd7 11.O-O c5 12.Rd1 Qc7 13.Qe2 Rfd8 14.d5 exd5 15.exd5 Nf6
16.c4 Re8 17.Bb2 Rad8 18.Qc2 Qf4 19.Re1 Bd6 20.Bxf6 Qxf6 21.Bxh7+ Kf8 22.Bd3 Bc8
23.Nd2 Be5 24.Rab1 Bd4 25.Nf3 Bc3 26.Rec1 Ba5 27.Rb3 Bd7 28.Qb2 Qh6 29.Bf1 Ba4
30.Rd3 Re4 31.h3 Qd6 32.Ng5 Qe5 33.Qxe5 Rxe5 34.Nf3 Re7 35.Re3 Rde8 36.Rxe7 Kxe7
37.Bd3 Kd6 38.g4 a6 39.Rb1 f6 40.Kg2 Rb8 41.Nh4 Bd7 42.Bf5 Be8 43.Be6 g6
44.Kf3 b5 45.cxb5 axb5 46.Ng2 Bc3 47.Ne3 Ra8 48.Rb3 Be5 49.Nc2 Ra4 50.h4 Rf4+
51.Ke3 Rc4 52.Ne1 Rc1 53.Ke2 Bc3 54.Ng2 c4  0-1

[Event "WJun"]
[Site "Yerevan ARM"]
[Date "2006.10.15"]
[Round "12"]
[White "Gupta,Ab"]
[Black "Kjartansson,G"]
[Result "1-0"]
[WhiteElo "2481"]
[BlackElo "2246"]

1.d4 Nf6 2.c4 e6 3.Nf3 b6 4.a3 Bb7 5.Nc3 d5 6.cxd5 Nxd5 7.Qc2 Nxc3 8.bxc3 Nd7
9.e4 c5 10.Bd3 Qc7 11.Qb1 cxd4 12.cxd4 Rc8 13.O-O Be7 14.Bb2 O-O 15.Qd1 Rfe8
16.Qe2 g6 17.Rad1 Bf6 18.e5 Bg7 19.Ng5 Nb8 20.h4 Qe7 21.Qg4 h6 22.Nh3 h5
23.Qg3 Ba6 24.Nf4 Bxd3 25.Rxd3 Nc6 26.Rfd1 Qb7 27.d5 exd5 28.Rxd5 Nxe5 29.Nxh5 Nf3+
30.Qxf3 Bxb2 31.Nf4 Rc1 32.h5 Rxd1+ 33.Qxd1 Bc3 34.Qf3 Qc7 35.hxg6 f6 36.g3 Be5
37.Nh5 Rf8 38.Rxe5  1-0

[Event "WYG16"]
[Site "Batumi GEO"]
[Date "2006.10.23"]
[Round "5"]
[White "Ramya,K"]
[Black "Bokuchava,M"]
[Result "1/2-1/2"]
[WhiteElo "2175"]
[BlackElo "2071"]

1.d4 Nf6 2.c4 e6 3.Nf3 b6 4.a3 Bb7 5.Nc3 d5 6.Bg5 Be7 7.e3 O-O 8.Bd3 Nbd7
9.O-O c5 10.Rc1 cxd4 11.Nxd4 dxc4 12.Bxc4 Ne5 13.Bb5 a6 14.Be2 Rc8 15.Qb3 Nfd7
16.Bxe7 Qxe7 17.f4 Nc6 18.Nxc6 Rxc6 19.Bf3 Nc5 20.Qb4 Rd6 21.Bxb7 Nd3 22.Qe4 Nc5
23.Qf3 Qxb7 24.Qxb7 Nxb7 25.Ne4 Rd3 26.Rc7 Rxe3 27.Rxb7 Rxe4 28.Rxb6 a5 29.f5 exf5
30.Rxf5 a4 31.h3 g6 32.Rfb5 Rfe8 33.Rb4 Kg7 34.Rxe4 Rxe4 35.Kf2 Rc4 36.g4 h5
37.gxh5 gxh5 38.Rb4 Rc2+ 39.Kg3 Kg6 40.Kh4 f6 41.Kg3 Kg5 42.Rb5+ f5 43.Rb4 Rd2
44.Kf3 Rh2 45.Kg3 Rd2 46.h4+ Kf6 47.Kf4 Rf2+ 48.Ke3 Rg2 49.Rxa4 Rxb2 50.Kf4 Rf2+
51.Kg3 Ra2 52.Ra5 Rb2 53.a4 Rb3+ 54.Kf4 Rb4+ 55.Kg3 Rb3+ 56.Kf4 Rb4+ 57.Kg3  1/2-1/2

[Event "WYB16"]
[Site "Batumi GEO"]
[Date "2006.10.23"]
[Round "5"]
[White "Jorczik,J"]
[Black "Kourousis,E"]
[Result "1-0"]
[WhiteElo "2207"]
[BlackElo "2113"]

1.d4 Nf6 2.c4 e6 3.Nf3 b6 4.a3 Bb7 5.Nc3 d5 6.cxd5 Nxd5 7.e3 Be7 8.Bb5+ c6
9.Bd3 O-O 10.e4 Nxc3 11.bxc3 Ba6 12.O-O Bxd3 13.Qxd3 c5 14.Rd1 Nc6 15.d5 exd5
16.exd5 Na5 17.c4 Nb7 18.a4 Nd6 19.Bf4 Bf6 20.Ra2 a6 21.Nd2 Be7 22.Rb2 Rb8
23.Rdb1 f5 24.a5 b5 25.Bxd6 Bxd6 26.cxb5 Qxa5 27.Nc4 Qc7 28.Nxd6 Qxd6 29.bxa6 Rxb2
30.Rxb2 Ra8 31.Ra2 Ra7 32.Qxf5 g6 33.Qd3 Kf7 34.g3 Qb6 35.d6 Ke8 36.Re2+ Kd8
37.Qe4 Qxd6 38.Qe8+ Kc7 39.Re7+ Kb6  1-0

[Event "WYB16"]
[Site "Batumi GEO"]
[Date "2006.10.23"]
[Round "6"]
[White "Pavlidis,Ana"]
[Black "Obst,J"]
[Result "1-0"]
[WhiteElo "2189"]
[BlackElo "2106"]

1.d4 Nf6 2.c4 e6 3.Nf3 b6 4.a3 Ba6 5.Qc2 Bb7 6.Nc3 c5 7.e4 cxd4 8.Nxd4 Bc5
9.Nb3 Nc6 10.Bg5 h6 11.Bh4 a6 12.O-O-O Be7 13.Be2 Rc8 14.Bg3 O-O 15.e5 Ne8
16.f4 Na7 17.Bf2 Bxg2 18.Rhg1 Bc6 19.f5 Bg5+ 20.Kb1 Bf4 21.f6 Bxe5 22.fxg7 Bxg7
23.Bd4 Kh8 24.Qd2 Qh4 25.Rg4 Qxh2 26.Rdg1 e5 27.Bxb6 Ra8 28.Qe1 Qh3 29.Nc5 Nc8
30.Bd8 Qe3 31.Nd3 Ncd6 32.R1g3 Qa7 33.Be7 Rg8 34.Nxe5 Qb8 35.Qd2 f5 36.Rh4 Kh7
37.Rxg7+  1-0

[Event "14th Chigorin Mem"]
[Site "St-Petersburg RUS"]
[Date "2006.10.24"]
[Round "2"]
[White "Ushenina,A"]
[Black "Khamzin,O"]
[Result "1-0"]
[WhiteElo "2430"]
[BlackElo "2318"]

1.d4 Nf6 2.c4 e6 3.Nf3 b6 4.a3 Bb7 5.Nc3 g6 6.Bg5 Bg7 7.Qc2 Bxf3 8.exf3 h6
9.Be3 Nc6 10.O-O-O Ne7 11.d5 exd5 12.cxd5 Nf5 13.Bf4 Nh5 14.Qe4+ Kf8 15.Bd2 Nd4
16.Bc4 b5 17.Ba2 b4 18.axb4 Nf5 19.d6 Nxd6 20.Qd5 Rb8 21.g4 Nf6 22.Qb3 Kg8
23.Bf4 Kh7 24.h4 Rf8 25.h5 g5 26.Be5 Kg8 27.Rhe1 Nfe8 28.Nd5 Bxe5 29.Rxe5 Nf6
30.Ne7+ Kg7 31.Qc3 Rb6 32.Rxg5+ hxg5 33.h6+ Kh7 34.Qxf6 Rc6+ 35.Kb1 Ne8 36.Qf5+  1-0

[Event "10th Essent Open"]
[Site "Hoogeveen NED"]
[Date "2006.10.25"]
[Round "6"]
[White "Grooten,H"]
[Black "Cako,L"]
[Result "1-0"]
[WhiteElo "2387"]
[BlackElo "2174"]

1.d4 Nf6 2.c4 e6 3.Nf3 b6 4.a3 Bb7 5.Nc3 d5 6.Bg5 Be7 7.Bxf6 Bxf6 8.cxd5 exd5
9.Qa4+ c6 10.g3 O-O 11.Bg2 Re8 12.O-O Nd7 13.Rad1 a5 14.Qc2 b5 15.Rfe1 Nb6
16.e4 b4 17.e5 Be7 18.axb4 axb4 19.Ne2 Nc4 20.Nf4 Ra2 21.e6 f6 22.Rb1 Bd6
23.Bf1 Ba6 24.Bd3 Bxf4 25.Bxh7+ Kf8 26.Nh4 Ne5 27.Rxe5  1-0

[Event "WYB16"]
[Site "Batumi GEO"]
[Date "2006.10.28"]
[Round "11"]
[White "Jorczik,J"]
[Black "Margvelashvili,G"]
[Result "1/2-1/2"]
[WhiteElo "2207"]
[BlackElo "2456"]

1.d4 Nf6 2.c4 e6 3.Nf3 b6 4.a3 Ba6 5.Qc2 Bb7 6.Nc3 c5 7.e4 cxd4 8.Nxd4 d6
9.Be2 a6 10.O-O Be7 11.Be3 O-O 12.f3 Qc7 13.Rfd1 Nbd7 14.Rac1 Rac8 15.Bf1 Qb8
16.Qf2 Bd8 17.Kh1 Bc7 18.Qg1 Kh8 19.b4 Rg8 20.Na4 g5 21.c5 dxc5 22.bxc5 bxc5
23.Nxc5 Nxc5 24.Rxc5 g4 25.Bg5 Rxg5 26.Rxg5 Bf4 27.Ra5 Rg8 28.Bxa6 gxf3 29.Nxf3 Bxe4
30.Qd4 e5 31.Qd6 Qxd6 32.Rxd6 Ng4 33.Ne1 Bxh2 34.Rc5 Bg3 35.Nf3 Bf5 36.Rcd5 Be6
37.Rd2 e4 38.Rd8 exf3 39.Rxg8+ Kxg8 40.gxf3 Ne3 41.Bb7 h5 42.a4 Bc7 43.Re2 Nc4
44.Rc2 Bd8 45.Ba6 Nb6 46.a5 Nd5 47.Bb7 Bxa5 48.Rc5 Nf4 49.Rxa5 Kg7 50.Ra4 Nd3
51.Rd4 Nc5 52.Bd5 Kf6 53.Bxe6 Nxe6 54.Rd5 Nf4 55.Ra5 Kg6 56.Kg1 f5 57.Ra8 Kg5
58.Rg8+ Ng6 59.Kg2 f4 60.Kh3 Kf5 61.Ra8 Ne5 62.Rf8+ Kg5 63.Kg2 Ng6 64.Ra8 Ne5
65.Ra5 Kf6 66.Kf2 Nd3+ 67.Ke2 Ne5 68.Ra8 Kf5 69.Rh8 Kg6 70.Rg8+ Kf5 71.Rg2 Kf6
72.Rf2 Kg5 73.Rh2 Kg6 74.Rh3 Nf7 75.Kd3 Ng5 76.Rh1 Nxf3 77.Ke4 Ng5+ 78.Kxf4 Nf7
79.Ra1 h4 80.Ra6+ Kh5 81.Rf6 Nh6 82.Rf8 Kg6 83.Ra8 Kh5 84.Ra5+ Kg6 85.Rg5+ Kf6
86.Rh5 Nf7 87.Rxh4 Kg6 88.Rh1 Kf6 89.Ra1 Nd6 90.Ra6 Ke6  1/2-1/2

[Event "10th Essent Open"]
[Site "Hoogeveen NED"]
[Date "2006.10.28"]
[Round "9"]
[White "Grooten,H"]
[Black "Van der Wiel,J"]
[Result "0-1"]
[WhiteElo "2387"]
[BlackElo "2522"]

1.d4 Nf6 2.c4 e6 3.Nf3 b6 4.a3 Bb7 5.Nc3 d5 6.Bg5 Be7 7.Bxf6 Bxf6 8.cxd5 exd5
9.Qa4+ Qd7 10.e3 Qxa4 11.Nxa4 O-O 12.Rc1 Rc8 13.Bd3 g6 14.O-O Nd7 15.Rc2 a6
16.b4 Be7 17.Rfc1 b5 18.Nc5 Nxc5 19.dxc5 c6 20.a4 a5 21.axb5 axb4 22.Nd4 Ra3
23.Be2 b3 24.Rb2 cxb5 25.Nxb3 b4 26.h3 Bf6 27.Nd4 Rc3 28.Rcb1 R8xc5 29.Rxb4 Bc8
30.Kh2 Kg7 31.Bf3 R3c4 32.Ne2 Bf5 33.Rxc4 dxc4 34.e4 Be6 35.Nf4 c3 36.Nxe6+ fxe6
37.Rb7+ Kg8 38.Bd1 Be5+ 39.g3 c2 40.Bxc2 Rxc2 41.Kg2 Bd4 42.Rb8+ Kg7 43.Rb7+ Kf6
44.Rxh7 Rxf2+ 45.Kh1 Be5  0-1

[Event "Open A"]
[Site "Le Touquet FRA"]
[Date "2006.10.29"]
[Round "2"]
[White "Bianchi,Guilla"]
[Black "Bruned,V"]
[Result "1-0"]
[WhiteElo "2162"]
[BlackElo "1931"]

1.d4 Nf6 2.c4 e6 3.Nf3 b6 4.a3 Be7 5.Nc3 Bb7 6.d5 d6 7.e4 e5 8.Be2 O-O 9.O-O a5
10.Rb1 Na6 11.b4 axb4 12.axb4 Bc8 13.Ne1 Ne8 14.Nd3 f5 15.Ra1 Nf6 16.b5 fxe4
17.Ne1 Qd7 18.bxa6 Bxa6 19.Nc2 Qf5 20.Nb4 Bb7 21.Rxa8 Rxa8 22.Nc6 Bxc6 23.dxc6 Ra5
24.Nb5 Bd8 25.Qb3 Qe6 26.Bg5 h6 27.Bxf6 gxf6 28.Qg3+ Kf7 29.Qh4 Qf5 30.Bg4 Qf4
31.g3  1-0

[Event "14th Chigorin Mem"]
[Site "St-Petersburg RUS"]
[Date "2006.10.30"]
[Round "9"]
[White "Tihonov,J"]
[Black "Khusnutdinov,R"]
[Result "1-0"]
[WhiteElo "2494"]
[BlackElo "2411"]

1.d4 Nf6 2.c4 e6 3.Nf3 b6 4.a3 Ba6 5.Qc2 Bb7 6.Nbd2 d5 7.e3 Nbd7 8.b4 c5
9.bxc5 bxc5 10.Rb1 Qc8 11.cxd5 Nxd5 12.Bb5 Bc6 13.Bd3 cxd4 14.Nxd4 Nc5 15.Bb2 Ba4
16.Bb5+ Bxb5 17.Nxb5 a6 18.Nc3 Nxc3 19.Bxc3 Qc6 20.Bd4 Bd6 21.O-O e5 22.Bxc5 Qxc5
23.Qa4+ Kf8 24.Ne4 Qc7 25.Rfc1 Qe7 26.Qc6 Rd8 27.Rb7  1-0

[Event "Open A"]
[Site "Le Touquet FRA"]
[Date "2006.11.01"]
[Round "7"]
[White "Bianchi,Guilla"]
[Black "Hareux,H"]
[Result "1-0"]
[WhiteElo "2162"]
[BlackElo "2237"]

1.d4 e6 2.c4 Nf6 3.Nf3 b6 4.a3 Bb7 5.Nc3 d5 6.cxd5 Nxd5 7.e3 Be7 8.Bb5+ c6
9.Bd3 Nd7 10.O-O O-O 11.e4 Nxc3 12.bxc3 c5 13.Bf4 cxd4 14.cxd4 Rc8 15.a4 Rc3
16.Qb1 Qc8 17.Rd1 Ba6 18.Bb5 Rd8 19.Rc1 Rxc1+ 20.Qxc1 Bb7 21.Qxc8 Bxc8 22.Rc1 Nf6
23.Rc7 Kf8 24.Rxa7 Bd7 25.Bc7 Rc8 26.Ba6 Re8 27.Bb7 Bd8 28.Bd6+ Kg8 29.Ne5  1-0

[Event "Open A"]
[Site "Le Touquet FRA"]
[Date "2006.11.03"]
[Round "9"]
[White "Bianchi,Guilla"]
[Black "Pucher,O"]
[Result "1/2-1/2"]
[WhiteElo "2162"]
[BlackElo "2306"]

1.d4 Nf6 2.c4 e6 3.Nf3 b6 4.a3 Ba6 5.Qc2 Bb7 6.Nc3 c5 7.e4 cxd4 8.Nxd4 Nc6
9.Nxc6 Bxc6 10.Bf4 Nh5 11.Be3 Qb8 12.g3 f5 13.Be2 Nf6 14.f3 fxe4 15.fxe4 Bd6
16.O-O-O Be5 17.Rhf1 O-O 18.Bf4 a6 19.Kb1 b5 20.cxb5 axb5 21.Rd4 Bxd4 22.Bxb8 Rfxb8
23.Bd3 b4 24.axb4 Rxb4 25.Re1 Be5 26.Re2 h6 27.Qc1 Ra3 28.Kc2 Ra5 29.Kd1 Rd4
30.Rd2 Ng4 31.Qb1 Ra8 32.Be2 Rf8 33.Rxd4 Bxd4 34.h4 Be5 35.Qa2 Nf2+ 36.Kd2 Bxg3
37.Bc4 Kh8 38.Qa3 Rf7 39.h5 Bh4 40.Bd3 Bg5+ 41.Kc2 Nxd3 42.Kxd3 Rf3+ 43.Ke2 Bxe4
44.Qc5 Bc6 45.b4 Rf5 46.Qd6 Bf6 47.b5 Rxb5  1/2-1/2

[Event "Open"]
[Site "Santo Domingo DOM"]
[Date "2006.11.04"]
[Round "7"]
[White "Ikonnikov,Vy"]
[Black "Mateo,Ra"]
[Result "1/2-1/2"]
[WhiteElo "2587"]
[BlackElo "2415"]

1.d4 Nf6 2.c4 e6 3.Nf3 b6 4.a3 Bb7 5.Nc3 d5 6.cxd5 Nxd5 7.Qc2 Nxc3 8.bxc3 Be7
9.e4 O-O 10.Bd3 c5 11.O-O cxd4 12.cxd4 Qc8 13.Qe2 Ba6 14.Bf4 Bxd3 15.Qxd3 Qa6
16.Qe3 Nd7 17.e5 Rfc8 18.d5 Bc5 19.Qe4 exd5 20.Qxd5 Qb5 21.Rfd1 Nf8 22.Ng5 Qe8
23.Ne4 Ne6 24.Bg3 Qc6 25.Nxc5 Qxc5  1/2-1/2

[Event "Petersburg Autumn"]
[Site "St Petersburg RUS"]
[Date "2006.11.04"]
[Round "5"]
[White "Tokareva,T"]
[Black "Smirnov,Vl3"]
[Result "0-1"]
[WhiteElo "2000"]
[BlackElo "1876"]

1.d4 Nf6 2.c4 e6 3.Nf3 b6 4.a3 Bb7 5.Nc3 Be7 6.Bg5 d5 7.e3 O-O 8.Rc1 h6 9.Bh4 Ne4
10.Bxe7 Qxe7 11.Bd3 Nxc3 12.Rxc3 dxc4 13.Bxc4 Nd7 14.O-O c5 15.dxc5 Nxc5
16.Qe2 Rac8 17.Rcc1 Qf6 18.Nd4 Qg5 19.f3 a6 20.b4 Na4 21.Rfe1 b5 22.Bb3 Nc3
23.Qd3 Nd5 24.Bxd5 Bxd5 25.Rxc8 Rxc8 26.e4 Bc4 27.Qe3 Rd8 28.f4 Qf6 29.e5 Qg6
30.Rd1 Bd5 31.Nf3 Rc8 32.g3 Qc2 33.Rd2 Qc1+ 34.Kf2 Rc3 35.Rd3 Qc2+ 36.Rd2 Rxe3
37.Rxc2 Rxf3+ 38.Ke2 Rxa3 39.Rc8+ Kh7 40.Rc7 Kg6 41.Ra7 Ra2+ 42.Kd3 Rxh2
43.Rxa6 Rg2  0-1

[Event "TCh-BEL 2006-7"]
[Site "Belgium BEL"]
[Date "2006.11.05"]
[Round "3"]
[White "Lacrosse,M"]
[Black "Denayer,E"]
[Result "0-1"]
[WhiteElo "2238"]
[BlackElo "2276"]

1.d4 Nf6 2.c4 e6 3.Nf3 b6 4.a3 Bb7 5.Nc3 d5 6.Bg5 Be7 7.Bxf6 Bxf6 8.cxd5 exd5
9.Qb3 O-O 10.Rd1 Re8 11.e3 c6 12.Bd3 Ba6 13.Bxa6 Nxa6 14.Qa4 Nb8 15.O-O a5
16.Rfe1 b5 17.Qc2 Nd7 18.e4 Nb6 19.e5 Be7 20.Ne2 Rc8 21.Nf4 Nc4 22.Re2 Bg5
23.Nh3 Be7 24.Qf5 Rc7 25.Rde1 Qc8 26.Qh5 g6 27.Qh6 Bf8 28.Qf4 Rce7 29.Kf1 Bg7
30.Nhg5 h6 31.e6 f6 32.Nf7 Rxe6 33.Nxh6+ Kh7 34.Ng4 Rxe2 35.Rxe2 Rxe2 36.Kxe2 Qe6+
37.Ne3 Qe7 38.g4 Bh6 39.g5 fxg5 40.Qg4 a4 41.h3 Nxb2 42.Ne5 Nc4 43.Nxc6 Qd6
44.Qc8 Nxe3 45.fxe3 Qxa3 46.Qb7+ Bg7 47.Qxb5 Qa2+ 48.Kf3 Qa1 49.Ne7 Qh1+
50.Kf2 Qh2+ 51.Ke1 a3 52.Nxd5 a2  0-1

[Event "Petersburg Autumn"]
[Site "St Petersburg RUS"]
[Date "2006.11.05"]
[Round "6"]
[White "Tokareva,T"]
[Black "Chuvakov,N"]
[Result "1-0"]
[WhiteElo "2000"]
[BlackElo "1851"]

1.d4 Nf6 2.c4 e6 3.Nf3 b6 4.a3 c5 5.d5 exd5 6.cxd5 d6 7.Nc3 Ba6 8.g3 g6 9.Bh3 Bg7
10.O-O O-O 11.Re1 Nbd7 12.Bf4 Qc7 13.Qa4 Bc8 14.Nb5 Qb7 15.Bxd6 a6 16.Nc7 Ra7
17.Bxf8 Bxf8 18.Ne6 fxe6 19.Bxe6+ Kg7 20.e4 b5 21.Qc2 Nb6 22.Ng5 h6 23.Bxc8 Qxc8
24.Ne6+ Kh7 25.Nf4 Qe8 26.Rad1 Nc4 27.Ne6 Ne5 28.Qc3 Bd6 29.f4 b4 30.axb4 cxb4
31.Qb3 a5 32.fxe5 Bxe5 33.Rc1 Qe7 34.Rc4 Nd7 35.Nd4 Qf6 36.Nc6 Bxb2 37.Rf1 Qg7
38.Nxa7 Bd4+ 39.Kg2 Bxa7 40.Rc7 Bd4 41.Qa4 Nc5 42.Rxg7+ Bxg7 43.Qxa5 Nxe4
44.Qxb4 Nc3 45.d6 Nd5 46.Qc5  1-0

[Event "TCh-ROM Divizia A Feminin"]
[Site "Predeal ROM"]
[Date "2006.11.08"]
[Round "5"]
[White "Zhukova,N"]
[Black "Petrenko,S"]
[Result "0-1"]
[WhiteElo "2456"]
[BlackElo "2325"]

1.d4 Nf6 2.c4 e6 3.Nf3 b6 4.a3 Bb7 5.Nc3 d5 6.cxd5 exd5 7.g3 Be7 8.Bg2 O-O
9.O-O c5 10.Ne5 Nc6 11.Nxc6 Bxc6 12.dxc5 bxc5 13.Bf4 Qd7 14.Rc1 Rac8 15.Qc2 Qe6
16.Rfe1 d4 17.Bxc6 Qxc6 18.Nb1 Nd5 19.Bd2 c4 20.Red1 Bf6 21.Be1 Rfe8 22.Nd2 Nb6
23.Nf3 Rcd8 24.Kg2 Qb5 25.Rb1 d3 26.Qd2 Na4 27.exd3 Rxd3 28.Qc2 Rxd1 29.Rxd1 Nxb2
30.Rd6 Be7 31.Rd4 Bxa3 32.Bc3 Nd3 33.Rg4 g6 34.Qd2 Bc1 35.Qa2 a6 36.Rh4 Bb2
37.Bxb2 Qxb2 38.Qxa6 Qxf2+ 39.Kh3 Rf8 40.Qf6 c3  0-1

[Event "TCh-ROM Divizia A Masculin"]
[Site "Predeal ROM"]
[Date "2006.11.08"]
[Round "5"]
[White "Ionescu,Co"]
[Black "Parligras,M"]
[Result "1/2-1/2"]
[WhiteElo "2427"]
[BlackElo "2511"]

1.d4 Nf6 2.c4 e6 3.Nf3 b6 4.a3 c5 5.e3 Bb7 6.Nc3 d5 7.cxd5 exd5 8.b3 Nbd7
9.Bb2 Rc8 10.Be2 Bd6 11.O-O O-O 12.Nb5 Bb8 13.dxc5 bxc5 14.b4 a6 15.Nc3 d4
16.exd4 cxb4 17.axb4 Bxf3 18.Bxf3 Rxc3 19.Bxc3 Qc7 20.g3 Qxc3 21.Rxa6 Qxb4
22.Qd3 Re8  1/2-1/2

[Event "TCh-ROM Divizia A Masculin"]
[Site "Predeal ROM"]
[Date "2006.11.10"]
[Round "7"]
[White "Mateuta,G"]
[Black "Sofronie,I"]
[Result "1/2-1/2"]
[WhiteElo "2468"]
[BlackElo "2421"]

1.d4 Nf6 2.Nf3 e6 3.c4 b6 4.a3 Bb7 5.Nc3 d5 6.cxd5 Nxd5 7.Bd2 Be7 8.Qc2 O-O
9.e4 Nxc3 10.Bxc3 c5 11.dxc5 bxc5 12.Rd1  1/2-1/2

[Event "TCh-ROM Divizia A Masculin"]
[Site "Predeal ROM"]
[Date "2006.11.12"]
[Round "9"]
[White "Barnaure,V"]
[Black "Burnoiu,N1"]
[Result "0-1"]
[WhiteElo "2433"]
[BlackElo "2419"]

1.d4 Nf6 2.c4 e6 3.Nf3 b6 4.a3 Bb7 5.Nc3 d5 6.cxd5 Nxd5 7.e3 Be7 8.Bb5+ c6
9.Bd3 Nd7 10.e4 Nxc3 11.bxc3 c5 12.O-O O-O 13.Qe2 Rc8 14.Bb2 Qc7 15.Nd2 Bg5
16.a4 Rfd8 17.Nc4 cxd4 18.cxd4 Ba6 19.Ne5 Bxd3 20.Nxd3 Qc2 21.Qxc2 Rxc2 22.f4 Bf6
23.Rfc1 Rxb2 24.e5 Rb3 25.Ne1 Be7 26.Rc7 a5 27.Rac1 g6 28.Rb7 Bb4 29.Nf3 Re3
30.Rf1 h6 31.g4 Rd3 32.Kf2 Nf8 33.Rc1 Rc3 34.Rxc3 Bxc3 35.Ke3 Nd7 36.Rc7 Bb4
37.Rb7 Ba3 38.Rc7 Nb8 39.Rb7 Nc6 40.Ke4 Rb8 41.Rc7 Ne7 42.Nd2 Nd5 43.Rc6 b5
44.axb5 Rxb5 45.Nc4 Rb3 46.Rc8+ Kh7 47.f5 gxf5+ 48.gxf5 Ne7 49.Nxa5 exf5+
50.Kf4 Rd3 51.Rc2 Nd5+ 52.Kxf5 Rxd4  0-1

[Event "SK Liburnija GM"]
[Site "Rijeka CRO"]
[Date "2006.11.14"]
[Round "1"]
[White "Hera,I"]
[Black "Markus,Rob"]
[Result "1/2-1/2"]
[WhiteElo "2510"]
[BlackElo "2567"]

1.Nf3 Nf6 2.d4 e6 3.c4 b6 4.a3 Ba6 5.Qc2 Bb7 6.Nc3 c5 7.e4 cxd4 8.Nxd4 d6
9.Bg5 Nbd7 10.Rd1 a6 11.Qa4 Be7 12.Nc6 Bxc6 13.Qxc6 Qc8 14.Qa4 O-O 15.Be2 Qb7
16.O-O Rac8 17.Rd4 h6 18.Bh4 Nc5  1/2-1/2

[Event "RGSU GM"]
[Site "Moscow RUS"]
[Date "2006.11.16"]
[Round "11"]
[White "Kunin,V"]
[Black "Prosviriakov,V"]
[Result "1-0"]
[WhiteElo "2492"]
[BlackElo "2346"]

1.d4 Nf6 2.c4 e6 3.Nf3 b6 4.a3 Bb7 5.Nc3 d5 6.cxd5 Nxd5 7.Qc2 Be7 8.e4 Nxc3
9.bxc3 O-O 10.Bd3 c5 11.O-O Nc6 12.Bb2 Na5 13.Qe2 Rc8 14.Rad1 Qc7 15.Nd2 c4
16.Bc2 e5 17.dxe5 Qxe5 18.Nf3 Qh5 19.Rd7 Bc5 20.Rfd1 b5 21.Bc1 Bc6 22.R7d5 Bxd5
23.Rxd5 Qg4 24.h3 Qe6 25.Ng5 Qc6 26.e5 h6 27.Ne4 Be7 28.Rd6 Bxd6 29.Nf6+ Kh8
30.Qh5 Bxe5 31.Bxh6 g6 32.Qxe5 Qe6 33.Bg7+ Kxg7 34.Ne8+ Kh6 35.Qg7+ Kg5 36.h4+ Kg4
37.Qd4+  1-0

[Event "TCh-FIN 2006-7"]
[Site "Helsinki FIN"]
[Date "2006.11.18"]
[Round "4"]
[White "Fieandt,J"]
[Black "Saastamoinen,A"]
[Result "1-0"]
[WhiteElo "2131"]
[BlackElo "2175"]

1.d4 Nf6 2.Nf3 e6 3.c4 b6 4.a3 d5 5.cxd5 exd5 6.g3 Bd6 7.Bg2 O-O 8.Nc3 c6
9.O-O Re8 10.Qc2 Qc7 11.Bg5 Nbd7 12.Rac1 h6 13.Bd2 a6 14.Nh4 Ra7 15.Nf5 Nf8
16.Nxd6 Qxd6 17.Bf4 Qe6 18.Na4 b5 19.Qc5 Rb7 20.Nb6 N8d7 21.Nxd7 Bxd7 22.Rfe1 Nh5
23.Bd2 f5 24.Rc3 Qe7 25.Qxe7 Rxe7 26.Rc5 Rb8 27.e3 Rbe8 28.Rcc1 g5 29.f3 Nf6
30.h3 Kg7 31.Kf2 g4 32.Bb4 Re6 33.Bd2 Rf8 34.Rc2 gxf3 35.Bxf3 Ne4+ 36.Bxe4 fxe4+
37.Kg2 Rg6 38.Re2 Rf3 39.Be1 Rf5 40.Rf2 Rh5 41.g4 Rhg5 42.Rf4 Rf5 43.Rxf5 Bxf5
44.Bg3 Bd7 45.Rf2 Kg8 46.b4 h5 47.gxh5 Rh6 48.Rf4 Rxh5 49.h4 Bf5 50.Rf1 Kf7
51.Be5 Ke6 52.Kg3 Rh7 53.Rc1 Kd7 54.Kf4 Be6 55.Kg5 Bf7 56.Bf6 Rh5+ 57.Kf4 Be6
58.Bg5 Rh7 59.Ke5 Rf7 60.Bf6 Rh7 61.Rg1 Rh5+ 62.Rg5 Bf7 63.Rxh5 Bxh5 64.Kf5 Bf7
65.Kg5 Ke6 66.Be5 c5 67.bxc5 a5 68.Bc7 b4 69.axb4 a4 70.b5 a3 71.Ba5  1-0

[Event "Nacional de Mestres"]
[Site "Barreiro POR"]
[Date "2006.11.19"]
[Round "6"]
[White "Rocha,S"]
[Black "Fernando,D"]
[Result "0-1"]
[WhiteElo "2410"]
[BlackElo "2465"]

1.d4 Nf6 2.c4 e6 3.Nf3 b6 4.a3 c5 5.d5 Ba6 6.Qc2 exd5 7.cxd5 g6 8.Nc3 Bg7
9.g3 O-O 10.Bg2 d6 11.O-O Nbd7 12.Rd1 Re8 13.Bf4 Qc7 14.a4 Nh5 15.Nb5 Bxb5
16.axb5 Nxf4 17.gxf4 Qb7 18.Ra6 Nb8 19.Ra4 a6 20.Rda1 a5 21.e3 Qd7 22.Qb3 Qd8
23.Nd2 Nd7 24.Nc4 Nf6 25.Qd3 Ng4 26.h3 Nh6 27.e4 Bd4 28.Qd2 Rb8 29.R4a3 Kg7
30.Re1 f6 31.Rg3 Nf7 32.h4 Qd7 33.h5 Qxb5 34.Qe2 g5 35.h6+ Kh8 36.fxg5 fxg5
37.Bh3 Rf8 38.Kh1 Rbd8 39.Be6 Ne5 40.b3 Nxc4 41.bxc4 Qb2 42.Qh5 Qxf2 43.Reg1 Qf4
44.R1g2 Qc1+ 45.Kh2 Rf1 46.Kh3 Rh1+ 47.Rh2 Qf1+ 48.Kg4 Qf4+ 49.Kh3 Rxh2+
50.Kxh2 Be5  0-1